00417nam a2200157Ia 45000010006000000050017000060080041000230410008000640820020000721000032000922450078001242600009002023000032002116500008002436540008002511668420260306170328.0260306t1990||||xx |||||||||||||| ||und|| aESP a349.1bJ94 L. 1 aCatalano, PierángeloeAUT 0aConstitución Deo Auctore y Libro I del Digesto del Emperador Justiniano c1990 axi, 249 páginas :c21 cm. aGEN aCDE